00824nam a2200241Ia 4500001000600000003000900006008004100015040001300056040001300069041001300082100001700095100002900112245003100141245007300172250001100245260001200256260001600268260004900284300005700333500013300390650002800523650003100551B6344IT-RoPAU130308s9999 xx 000 0 und d aIT-RoPAU cIT-RoPAU aITALIANO aRobins Kevin gCodice Aut. SPICS: 17257 aComunicazione e identità bGeografia dei Media-Globalismo, Localizzazione e Identita' Culturale a1a ed. aBOLOGNA bBaskerville c1993 [1° Ed.:1993 - Ed.Ling.Originale:1990] a"19 p. (prefazione: no ; testo: 19 [pagine: 37-55])" aComunicazione, Cultura e Identità. Geografie Postmoderne. Comunità Dellacultura. America Immaginaria. Europa e I Suoi Altri. aSAGGI SULLA TELEVISIONE eCodice materia Spics: 6961